Statistics for Largest Cities in Türksoy

Click here to take the quiz!

General Stats

  • This quiz has been taken 41 times
    (17 since last reset)
  • The average score is 12 of 17

Answers on the Map

Answers color-coded by a green-red scale on the quiz's map according to % correct below.
 

Answer Stats

Pop. (M)City% Correct
5.3Ankara
100%
15.6Istanbul
100%
2.4Baku
93%
3.1Izmir
93%
1.3Nur-Sultan
93%
1.3Antalya
86%
2.6Tashkent
86%
1.8Adana
79%
1.1Bishkek
79%
2.1Bursa
79%
1.4Konya
71%
2.0Almaty
64%
1.8Gaziantep
64%
1.1Diyarbakir
43%
1.0Kayseri
43%
1.1Mersin
43%
1.1Shymkent
29%

Score Distribution

Percentile by Number Answered

Percent of People with Each Score

Your Score History

You have not taken this quiz since the last reset